[Event "CAN-ch U20 op"]
[Site "Toronto"]
[Date "2018.08.08"]
[Round "1.9"]
[White "Zhong, Kevin"]
[Black "Laughlin, Braden"]
[Result "1-0"]
[WhiteElo "2016"]
[BlackElo "1761"]
[PlyCount "75"]
[EventDate "2018.08.08"]
[EventType "swiss"]
[EventRounds "9"]
[EventCountry "CAN"]
[SourceTitle "EXT 2022"]
[Source "ChessBase"]
[SourceDate "2021.10.06"]
[SourceVersion "1"]
[SourceVersionDate "2021.10.06"]
[SourceQuality "1"]

1. e4 c6 2. d4 d5 3. exd5 cxd5 4. c4 Nf6 5. Nc3 g6 6. Qb3 Bg7 7. cxd5 0-0 8. Be2 Nbd7 9. Bf3 Nb6 10. a4 a5 11. Nge2 Bg4 12. Bxg4 Nxg4 13. 0-0 Rc8 14. Bf4 Nf6 15. d6 exd6 16. Nb5 Rc6 17. Rac1 Nc8 18. d5 Rxc1 19. Rxc1 Re8 20. Nec3 Qe7 21. h3 Nd7 22. Be3 Ne5 23. Ne2 Qf6 24. Nc7 Rf8 25. Qxb7 Nd3 26. Rc3 Nc5 27. Bxc5 dxc5 28. Nb5 Qe5 29. Rc2 Qe4 30. Na3 Qxa4 31. Qc6 Qxc6 32. dxc6 Re8 33. Kf1 Bf8 34. Nc4 a4 35. Nc3 Re6 36. c7 Kg7 37. Rd2 Ra6 38. Rd8 1-0

[Event "Ontario-ch U20 U1800"]
[Site "Mississauga"]
[Date "2018.01.27"]
[Round "1.9"]
[White "Laughlin, Braden"]
[Black "Gao, Raymond"]
[Result "0-1"]
[WhiteElo "1421"]
[BlackElo "1661"]
[PlyCount "48"]
[EventDate "2018.01.27"]
[EventType "swiss"]
[EventRounds "5"]
[EventCountry "CAN"]
[SourceTitle "EXT 2022"]
[Source "ChessBase"]
[SourceDate "2021.10.06"]
[SourceVersion "1"]
[SourceVersionDate "2021.10.06"]
[SourceQuality "1"]

1. e4 c5 2. Nf3 d6 3. d4 cxd4 4. Nxd4 Nf6 5. Nc3 a6 6. Bg5 e6 7. f4 Be7 8. Qf3 0-0 9. 0-0-0 Qc7 10. g4 b5 11. h4 Bb7 12. Bxf6 Bxf6 13. g5 Bxd4 14. Rxd4 Nc6 15. Rd1 Rac8 16. Rd2 Qa5 17. a3 b4 18. Nb1 d5 19. Bg2 Ne7 20. axb4 Qxb4 21. Qa3 Qxa3 22. Nxa3 Ng6 23. f5 Nf4 24. Rf2 Nd3+ 0-1